La pintura en el cine. El cine en la pintura: discursos de ingreso en las RR.AA. de Bellas Artes de San Luis y de San Fernando, con los de contestación correspondientes

Guardat en:
Dades bibliogràfiques
Autor principal: Borau, José Luis (Autor)
Format: Llibre
Idioma:espanyol
Publicat: Madrid Ocho y Medio 2003
Edició:1a. ed
Col·lecció:Farenheit 451, 1
Matèries:
Etiquetes: Afegir etiqueta
Sense etiquetes, Sigues el primer a etiquetar aquest registre!

MARC

LEADER 00000nam a2200000 a 4500
001 UCJ1010
003 CL-VaPUC
008 060929e20030000SP |||||||||||||||||spa|d
020 |a 8495839393 
082 0 4 |a 791.43  |b BOR  |2 21 
100 0 |a Borau, José Luis  |e author  |9 501536 
245 1 3 |a La pintura en el cine. El cine en la pintura: discursos de ingreso en las RR.AA. de Bellas Artes de San Luis y de San Fernando, con los de contestación correspondientes 
250 |a 1a. ed 
300 |a 187 p 
942 |c BK 
945 |d 20060929 00:00:00  |a cmena 
260 |a Madrid  |b Ocho y Medio  |c 2003 
650 0 |a Artes visuales  |9 336870 
650 0 |a Pintura  |9 265046 
650 7 |a PELICULAS CINEMATOGRAFICAS  |2 CL-VaPUC  |9 501537 
583 |a last modification  |c 20060929 00:00:00  |k Rodrigo Vera 
490 0 |a Farenheit 451, 1 
999 |c 317743  |d 317741 
952 |0 0  |1 0  |4 0  |6 791_430000000000000_BOR_2003  |7 0  |8 A  |9 394639  |a BIBART  |b BIBART  |d 2019-11-22  |i 4203658  |l 2  |m 1  |o 791.43 BOR 2003  |p 4203658  |r 2025-03-13  |s 2024-08-22  |w 2019-11-22  |y BK  |k ART